UITU Library & LRC     

Microprocessors and programmed logic (Record no. 11424)

MARC details
000 -LEADER
fixed length control field 00568nam a2200217Ia 4500
003 - CONTROL NUMBER IDENTIFIER
control field OSt
005 - DATE AND TIME OF LATEST TRANSACTION
control field 20260423152630.0
008 - FIXED-LENGTH DATA ELEMENTS--GENERAL INFORMATION
fixed length control field 240925s9999 xx 000 0 und d
020 ## - INTERNATIONAL STANDARD BOOK NUMBER
International Standard Book Number 8120331176
040 ## - CATALOGING SOURCE
Transcribing agency aacr2
082 ## - DEWEY DECIMAL CLASSIFICATION NUMBER
Classification number 004.16 SHO
100 ## - MAIN ENTRY--PERSONAL NAME
Personal name Short,Kenneth.L
245 #0 - TITLE STATEMENT
Title Microprocessors and programmed logic
250 ## - EDITION STATEMENT
Edition statement NA
260 ## - PUBLICATION, DISTRIBUTION, ETC.
Place of publication, distribution, etc. New York:
Name of publisher, distributor, etc. Prentice Hall
Date of publication, distribution, etc. 1987
300 ## - PHYSICAL DESCRIPTION
Extent 619p.
Other physical details N.A
Type of unit Photocopy
500 ## - GENERAL NOTE
General note Includes Index
600 ## - SUBJECT ADDED ENTRY--PERSONAL NAME
Personal name Computer Science
650 ## - SUBJECT ADDED ENTRY--TOPICAL TERM
Topical term or geographic name entry element Computer science, information & general works
942 ## - ADDED ENTRY ELEMENTS (KOHA)
Koha item type Books
Source of classification or shelving scheme Dewey Decimal Classification
Holdings
Withdrawn status Lost status Source of classification or shelving scheme Damaged status Not for loan Collection Home library Current library Date acquired Source of acquisition Cost, normal purchase price Total checkouts Full call number Barcode Date due Date last seen Date last checked out Price effective from Koha item type
    Dewey Decimal Classification     Computer Science UITU Library UITU Library 09/14/2011 Fair Book Center 550.00 1 004.16 SHO Q8925 11/07/2025 11/04/2025 11/04/2025 09/25/2024 Books

Powered by Koha